000 00518nam a2200181Ia 4500
005 20250423101518.0
008 250422s9999 xx 000 0 und d
020 _a9789785261356
050 _aRC 454 .A38/
100 _aAkume, Gabriel Terzungwe
245 0 _aTheories of counselling and psychotherapy for Nigerian practitioners
260 _aMakurdi
260 _bEagle Prints Nigeria Ltd.
260 _c2014
300 _a213 p
650 _a Psychotherapy--Philosophy. Counseling--Philosophy.
942 _cBK
999 _c36504
_d36504